Horizonty dopravy štvrťročník pre dopravu
Gespeichert in:
| Format: | Schriftenreihe |
|---|---|
| Sprache: | Slowakisch |
| Veröffentlicht: |
Žilina
Výskumný ústav dopravný
1998
|
| Schlagworte: | |
| Tags: |
Keine Tags, Fügen Sie das erste Tag hinzu!
|
MARC
| LEADER | 00000nas2a2200000 4500 | ||
|---|---|---|---|
| 001 | s122267 | ||
| 005 | 20221220130911.5 | ||
| 022 | |a 1210-0978 | ||
| 041 | 0 | |a slo | |
| 044 | |a SK | ||
| 245 | 1 | 0 | |a Horizonty dopravy |b štvrťročník pre dopravu |
| 264 | 1 | |a Žilina |b Výskumný ústav dopravný |c 1998 | |
| 300 | |a 1 zv. | ||
| 500 | |a Chýba č. 1 | ||
| 773 | 0 | |w eu_un_cat*s120047 | |
| 610 | 2 | 0 | |a doprava |
| 610 | 2 | 0 | |a organizácia dopravy |
| 610 | 2 | 0 | |a prevádzka dopravy |